000 01009cam a22003257a 4500
003 CHAP
005 20220329142449.0
008 010327d1998 us r 00110 eng d
010 _a83834
011 _a84806
020 _a0120781476
035 _a95332
040 _cCHAP
082 0 4 _a581.5
_bB3
100 0 0 _aBarbosa, Pedro
_e, ed.
_910132
245 1 0 _aConservation biological control
_c/ed. por Pedro Barbosa
260 _aSan Diego, California :
_bAcademic,
_cc.1998.
300 _a396 p.
590 _aBATCH-UPD
_b10
_c20130110
_lUCH01
_h1849
590 _aBATCH-UPD
_b10
_c20130410
_lUCH01
_h1218
590 _aBATCH-UPD
_b10
_c20130914
_lUCH01
_h0259
590 _aCONVERSION
_b10
_c20130109
_lUCH01
_h1347
650 1 4 _aAgrosistemas.
_92212
650 1 4 _aControl biológico de plagas.
_927587
650 1 4 _aEcología vegetal.
_935188
901 _aBK
905 _aPatricia Mendoza P.
942 _cLIBRO
949 _a581.5 B3
_bBC
_cLIBRO
_d33724000818878
_eLIBRO
_g211196
_h99981
_i95332
_si
_t$ 709.95
999 _c83834
_d83834